Community regeneration: is it working in Britain? (Record no. 65378)
[ view plain ]
| 000 -LEADER | |
|---|---|
| fixed length control field | 01298cam a2200265 4500 |
| 001 - CONTROL NUMBER | |
| control field | ABS63234 |
| 008 - FIXED-LENGTH DATA ELEMENTS--GENERAL INFORMATION | |
| fixed length control field | 000000n2000 000 0 eng u |
| 035 ## - SYSTEM CONTROL NUMBER | |
| System control number | (Sirsi) u109506 |
| 100 ## - MAIN ENTRY--PERSONAL NAME | |
| Personal name | Giddings, B |
| 245 ## - TITLE STATEMENT | |
| Title | Community regeneration: is it working in Britain? |
| 260 ## - PUBLICATION, DISTRIBUTION, ETC. | |
| Date of publication, distribution, etc. | 2000 |
| 490 ## - SERIES STATEMENT | |
| Series statement | Faculty of Building Journal |
| Volume/sequential designation | 9(5) October 2000, 20-22(3) |
| 520 ## - SUMMARY, ETC. | |
| Summary, etc. | Looks in detail at community regeneration, and outlines the elements necessary for its success. Suggests that good community regeneration projects need both physical and social regeneration; building is only one element and a key objective is to create close neighbourhood networks. Areas of discussion include: government policy; a socio-economic strategy; perceptions of a 'good neighbourhood'; housing provision. Concludes with a discussion of the Jarrow and Walker case studies, which demonstrate successful community regeneration, in contrast with the failure of Newcastle West End. References. |
| 590 ## - LOCAL NOTE (RLIN) | |
| Local note | ABS |
| 650 ## - SUBJECT ADDED ENTRY--TOPICAL TERM | |
| Topical term or geographic name entry element | JOSEPH ROWNTREE FOUNDATION |
| 650 ## - SUBJECT ADDED ENTRY--TOPICAL TERM | |
| Topical term or geographic name entry element | JARROW |
| 650 ## - SUBJECT ADDED ENTRY--TOPICAL TERM | |
| Topical term or geographic name entry element | HOUSING PROVISION |
| 650 ## - SUBJECT ADDED ENTRY--TOPICAL TERM | |
| Topical term or geographic name entry element | NEIGHBOURHOOD |
| 650 ## - SUBJECT ADDED ENTRY--TOPICAL TERM | |
| Topical term or geographic name entry element | SUSTAINABLE DEVELOPMENT |
| 650 ## - SUBJECT ADDED ENTRY--TOPICAL TERM | |
| Topical term or geographic name entry element | ECONOMIC SUSTAINABILITY |
| 650 ## - SUBJECT ADDED ENTRY--TOPICAL TERM | |
| Topical term or geographic name entry element | COMMUNITY |
| 690 ## - LOCAL SUBJECT ADDED ENTRY--TOPICAL TERM (OCLC, RLIN) | |
| Topical term or geographic name as entry element | REGENERATION |
| 700 ## - ADDED ENTRY--PERSONAL NAME | |
| Personal name | Shaw, K |
| 942 ## - ADDED ENTRY ELEMENTS (KOHA) | |
| Suppress in OPAC | 0 |
| Withdrawn status | Lost status | Source of classification or shelving scheme | Damaged status | Not for loan | Home library | Current library | Shelving location | Date acquired | Total Checkouts | Full call number | Barcode | Date last seen | Copy number | Price effective from | Koha item type |
|---|---|---|---|---|---|---|---|---|---|---|---|---|---|---|---|
| Dewey Decimal Classification | London | London | Journal article | 24/11/2000 | ABS63234 | 109506-1001 | 06/08/2019 | 1 | 06/08/2019 | Journal article |